Ulusal tanı ve tedavi̇ kılavuzu 2023 : (Record no. 200461313)
[ view plain ]
| 000 -LEADER | |
|---|---|
| fixed length control field | 01202cam a2200289 i 4500 |
| 001 - CONTROL NUMBER | |
| control field | 200461313 |
| 003 - CONTROL NUMBER IDENTIFIER | |
| control field | TR-AnTOB |
| 005 - DATE AND TIME OF LATEST TRANSACTION | |
| control field | 20240627110318.0 |
| 007 - PHYSICAL DESCRIPTION FIXED FIELD--GENERAL INFORMATION | |
| fixed length control field | ta |
| 008 - FIXED-LENGTH DATA ELEMENTS--GENERAL INFORMATION | |
| fixed length control field | 210813s2023 tu a|||| |||| 00| 0 tur d |
| 020 ## - INTERNATIONAL STANDARD BOOK NUMBER | |
| International Standard Book Number | 9786259932255 |
| 040 ## - CATALOGING SOURCE | |
| Original cataloging agency | TR-AnTOB |
| Language of cataloging | eng |
| Description conventions | rda |
| Transcribing agency | TR-AnTOB |
| Modifying agency | TR-AnTOB |
| 041 0# - LANGUAGE CODE | |
| Language code of text/sound track or separate title | Türkçe |
| 060 ## - NATIONAL LIBRARY OF MEDICINE CALL NUMBER | |
| Classification number | WH 120 |
| Item number | N33522 2023 |
| 096 ## - LOCALLY ASSIGNED NLM-TYPE CALL NUMBER (OCLC) | |
| Classification number | WH120 |
| Item number | N33522 2023 |
| 245 00 - TITLE STATEMENT | |
| Title | Ulusal tanı ve tedavi̇ kılavuzu 2023 : |
| Remainder of title | nadi̇r faktör eksi̇kli̇kleri̇ tanı ve tedavi kılavuzu (sürüm 1.1 Ekim 2023) / |
| Statement of responsibility, etc. | Türk Hematoloji Derneği, |
| 246 14 - VARYING FORM OF TITLE | |
| Title proper/short title | Nadi̇r pıhtılaşma faktörü eksi̇kli̇kleri̇, plazmi̇nojen eksi̇kli̇ği̇, alfa-2 anti̇plazmi̇n ve pai-1 eksi̇kli̇ği̇, ehlers-danlos sendromu ve heredi̇ter hemoraji̇k telanji̇ektazİ : |
| 264 #1 - PRODUCTION, PUBLICATION, DISTRIBUTION, MANUFACTURE, AND COPYRIGHT NOTICE | |
| Place of production, publication, distribution, manufacture | İstanbul : |
| Name of producer, publisher, distributor, manufacturer | Türk Hematoloji Derneği, |
| Date of production, publication, distribution, manufacture, or copyright notice | 2023. |
| 300 ## - PHYSICAL DESCRIPTION | |
| Extent | 180 pages : |
| Other physical details | tables ; |
| Dimensions | 21 cm |
| 336 ## - CONTENT TYPE | |
| Source | rdacontent |
| Content type term | text |
| Content type code | txt |
| 337 ## - MEDIA TYPE | |
| Source | rdamedia |
| Media type term | unmediated |
| Media type code | n |
| 338 ## - CARRIER TYPE | |
| Source | rdacarrier |
| Carrier type term | volume |
| Carrier type code | nc |
| 653 ## - INDEX TERM--UNCONTROLLED | |
| Uncontrolled term | Hematologic diseases |
| 856 ## - ELECTRONIC LOCATION AND ACCESS | |
| Uniform Resource Identifier | <a href="https://www.thd.org.tr/thdData/Books/650/kilavuzu-tek-parca-halinde-goruntulemek-icin-tiklayiniz.pdf">https://www.thd.org.tr/thdData/Books/650/kilavuzu-tek-parca-halinde-goruntulemek-icin-tiklayiniz.pdf</a> |
| 942 ## - ADDED ENTRY ELEMENTS (KOHA) | |
| Source of classification or shelving scheme | National Library of Medicine |
| Koha item type | Book |
| Withdrawn status | Lost status | Source of classification or shelving scheme | Not for loan | Collection code | Home library | Current library | Shelving location | Date acquired | Source of acquisition | Inventory number | Total Checkouts | Full call number | Barcode | Date last seen | Date shelved | Koha item type |
|---|---|---|---|---|---|---|---|---|---|---|---|---|---|---|---|---|
| National Library of Medicine | Ödünç Verilemez-Kurumiçi kullanım / Not for loan-For inhouse use | Tıp Koleksiyonu | Tıp Fakültesi Medikal Kütüphane | Tıp Fakültesi Medikal Kütüphane | Tıp Koleksiyonu / Medical Collection | 27/06/2024 | Bağış / Donation | TIP | WH 120 N33522 2023 TıpFaK | TF01726 | 27/06/2024 | 27/06/2024 | Book |
